Score 0/196 Timer 20:00
0 Plays Today
Hint Answer % Correct
Team Venture (Main)Thaddeus 'Rusty' Venture
97.4%
Order of the TriadThe Alchemist
96.1%
Order of the TriadJefferson Twilight
96.1%
Team Venture (Main)Hank
96.1%
Team Venture (Main)Dean
96.1%
Order of the TriadByron Orpheus
94.8%
The Fluttering HordeDr. Mrs. The Monarch
94.8%
Old Team VentureAction Man
93.5%
The Fluttering HordeThe Monarch
93.5%
The Fluttering Horde21
93.5%
Old Team VentureKano
92.2%
The Fluttering Horde24
92.2%
O.S.I. (Former SPHINX)Shoreleave
92.2%
Old Team VentureJonas Venture, Sr.
90.9%
O.S.I. (Current Head; Former SPHINX)Hunter Gathers
90.9%
Team Venture (Spider Skull Island)Jonas Venture, Jr.
89.6%
The Revenge Society (Current G.C.I. Council Member)Phantom Limb
89.6%
Team Venture (Main)H.E.L.P.eR.
88.3%
The Fluttering Horde (Moppet)Tim Tom
88.3%
Conjectural TechnologiesBilly Quizboy
88.3%
Team Venture (Main)Sergeant Hatred
87%
O.S.I. (Part Winnebago; Former SPHINX)Brock Samson
87%
Team Venture (Spider Skull Island)Sally Impossible
85.7%
Team Venture (Spider Skull Island)Ned
85.7%
The Fluttering Horde (Moppet)Kevin
85.7%
Conjectural TechnologiesPeter White
85.7%
Old Team Venture (Vigilante)The Blue Morpho
84.4%
Old Team VentureColonel Gentleman
83.1%
O.S.I. (Mercenary)Molotov Cocktease
83.1%
Orpheus' DaughterTriana
83.1%
Team Venture (Spider Skull Island)Captain
81.8%
G.C.I. (Current Council Member)Red Mantle
80.5%
Boy Adventurers (Arched by Dr. Z)Action Johnny
80.5%
G.C.I. (Participated in Movie Night; Current Council Member)Red Death
77.9%
Old Team Venture (Atlantian)Otto Aquarius
76.6%
The Guild of Calamitous Intent (G.C.I.)The Sovereign
76.6%
G.C.I. (Current Council Member)Dragoon
76.6%
O.S.I. (Former SPHINX)Sky Pilot
75.3%
The Revenge SocietyZero
75.3%
The Revenge SocietyFat Chance
75.3%
G.C.I. (Current Council Member)Dr. Z
74%
Team Venture (Main)Dermott
72.7%
The Fluttering HordeSpeedy
72.7%
G.C.I.Wide Whale
72.7%
Vigilante and goes to State University with DeanBrown Widow
72.7%
G.C.I. (Current Council Member)Radical Left
71.4%
The Revenge SocietyBaron Underbheit
70.1%
G.C.I.Augustus St. Cloud
70.1%
G.C.I. (Prisoner; heart taken by Investors)King Gorilla
70.1%
Orpheus' TeacherThe Master
70.1%
Hatred's ExPrincess Tinyfeet
70.1%
The Groovy Gang (Becomes part of URGH)Ted
68.8%
Underland (Current Leader)Girl Hitler
68.8%
O.S.I. (G.C.I. Traitor)Doe
67.5%
O.S.I. (G.C.I. Traitor)Cardholder
67.5%
G.C.I. (Deceased Attorney)Monstroso
67.5%
The Super GangCaptain Sunshine
67.5%
Old Team VentureSwifty
66.2%
Momma's Boys (Leader; Rusty's Former Bodyguard)Myra
66.2%
The Revenge SocietyProfessor Impossible
64.9%
The Groovy GangGroovy
64.9%
Old Team VentureOok Ook
63.6%
G.C.I. (Auditioned for the Revenge Society)Brick Frog
63.6%
Old Team VentureMajor Tom
62.3%
Old Team VentureDr. Entmann
62.3%
O.S.I.Snoopy
62.3%
Hint Answer % Correct
Orpheus' former apprenticeThe Outrider
62.3%
G.C.I.Watch
61%
G.C.I.Ward
61%
G.C.I.Copy Cat
61%
G.C.I. (Participated in Movie Night; Former Council of 13)Vendata
61%
Underland (Married to the Leader)Catclops
61%
Underland (Gift to the Baron)Manservant
61%
Wide Whale's DaughterSirena
61%
O.S.I.Amber Gold
59.7%
O.S.I.Headshot
59.7%
G.C.I. (Takes up two seats)Truckules
59.7%
The Revenge Society (Item)Wisdom
58.4%
G.C.I. (Former Council Member)Boggles
58.4%
The Groovy GangVal
58.4%
Power Supply of Impossible IndustriesCody
58.4%
G.C.I. (Former Bodyguard)Iggy Pop
57.5%
O.S.I. (Former Head)Timothy Treister
57.1%
G.C.I. (Former Council Member)Steppenwolf
57.1%
Fraternity of TormentScaramantula
57.1%
The Groovy Gang (Becomes part of URGH)Sonny
57.1%
Went to State University with Rusty and has a vendetta against Rusty, White, Brock, and UnderbheitMike Sorayama
57.1%
G.C.I. (Had a fling with Red Mantle)Redusa
55.8%
Fraternity of TormentBrainulo
55.8%
The Super GangWonderboy
55.8%
The Revenge Society (Item)Chuck
54.5%
G.C.I. (Works Pro bono)Dr. Henry Killinger
54.5%
G.C.I. (Prisoner)Mr. Monday
54.5%
Old S.P.H.I.N.X.SPHINX Commander
54.5%
The Super GangGhost Robot
54.5%
U.R.G.H.Venturestein
54.5%
Wide Whale's HenchmanRocco
54.5%
Lives on Venture Compound and Helps CloningBen
53.4%
O.S.I.Tank Top
53.2%
The Revenge Society (Item)Lady Nightshade
53.2%
G.C.I. (Former Council Member)Mommy Longlegs
53.2%
Conjectural TechnologiesRobo Bo
53.2%
The Doom Factory (Leader)Wes Warhammer
53.2%
Brisbyland (Panda's milk enthusiast)Roy Brisby
53.2%
G.C.I. (Copy Cat's Heist)DotCom
52.1%
G.C.I. (Former Bodyguard)Klaus Nomi
52.1%
The Revenge Society (Former)Lady-Hawk Johnson
51.9%
G.C.I.Think Tank
51.9%
G.C.I. (Arch of the Order of the Triad)Torrid
51.9%
G.C.I. (Current Council Member; In a coma)Phage
51.9%
Wide Whale's BrotherDr. Dugong
51.9%
G.C.I. (Participated in Movie Night)Stab Girl
51.3%
G.C.I. (Prisoner)White Noise
50.6%
G.C.I. (Former Council Member)Don Hell
50.6%
G.C.I. (Chained up with the Butt-Eater)The Termite
50.6%
Crusaders Action LeagueNight Dick
50.6%
The Groovy GangPatty
50.6%
G.C.I. (Auditioned for the Revenge Society)Scare Bear
49.4%
G.C.I. (Participated in Movie Night)Laugh Riot
49.4%
St. Cloud's AlbinoPei Wie
49.4%
Former Arch of Old Team Venture that lead to Equally Matched AggressionTurnbuckle
49.3%
G.C.I.Battleaxe
48.7%
Sent to Assassinate Brock SamsonGo-Fish
48.7%
Cleans up Assassinations for O.S.I.Cleaner
48.7%
Peril PartnershipTiger Shark
48.1%
Crusaders Action LeagueWarriana
48.1%
Crusaders Action LeagueFallen Archer
48.1%
The Super GangBarbie-Q
48.1%
Boy Adventurers (Adopted by Dr. Z)Roboy
48.1%
Attorney that specializes in super villainsTiny Attorney
48.1%
G.C.I. (Tinyfeet's Current Lover)Scorpio
47.4%
O.S.I. (Former SPHINX)Dr. Vulcano
46.8%
Hint Answer % Correct
G.C.I. (Participated in Movie Night)Mr. Fahrenheit
46.8%
Underland (Foreign Advisor)Manic 8 Ball
46.8%
G.C.I.Lips
46.6%
Astronaut with Commitment IssuesBud Manstrong
46.1%
Sent to Assassinate Brock SamsonHerr Trigger
46.1%
The Revenge Society (Former)Lyndon Bee
45.5%
G.C.I. (Participated in Movie Night)Hatebit
45.5%
G.C.I. (Copy Cat's Heist)Tunnel Vision
45.5%
G.C.I. (Copy Cat's Heist)Presto Change-o
44.7%
I MUST SPEAK TO DR. VENTUREM.U.T.H.E.R.
44.7%
Hunchback Living in the AtticD-19
44.7%
O.S.I.Bum Rush
44.2%
G.C.I. (Former Council Member)Wild Fop
44.2%
The Doom FactoryEenie Meanie
43.8%
G.C.I. (Auditioned to be the arch for the Order of the Triad)Curse
43.8%
O.S.I.After Burner
42.9%
G.C.I.Caecius
42.5%
G.C.I.Skiron
42.5%
IGNORE ME!Galactic Inquisitor
42.1%
Old S.P.H.I.N.X.Countess
41.6%
Orpheus' Ex-WifeTatyana
41.1%
O.S.I.Shuttle Cock
40.3%
Peril PartnershipBlind Rage
40.3%
Long DivisionShort Division
40.3%
Old S.P.H.I.N.X.Wind Song
40.3%
The Super GangU.S. Steel
40.3%
BrisbylandMandalay
40.3%
The Doom FactoryFrigid
39.7%
O.S.I.Slap Chop
39%
G.C.I. (Former Council Member)The Nerve
39%
G.C.I. (Former Council Member)Monsenor
39%
Fraternity of TormentManotaur
39%
Peril PartnershipThe Creep
39%
Crusaders Action LeagueStars and Garters
39%
G.C.I. (Auditioned for the Revenge Society)Mr. Polygamy
38.2%
G.C.I. (Used as a Disguise by Ghost Robot)Galacticon
37.7%
Old S.P.H.I.N.X.Diamond Backdraft
37.7%
Momma's BoysTeddy Talk-to-Me
37.7%
The Doom FactorySerpentine
37%
G.C.I. (Copy Cat's Heist)Ramburglar
36.8%
Momma's BoysBig Time
36.4%
Momma's BoysCuckoo Clocker
36.4%
G.C.I. (Prisoner)Tigerriffic
35.6%
G.C.I. (All About Himself)Egoist
35.6%
Sent to Assassinate Brock SamsonLe Tueur
35.5%
G.C.I. (Prisoner)Dr. Septapus
35.1%
G.C.I. (He's a Butt-Eater!)Maestro Wave
35.1%
G.C.I.The Wandering Spider
33.8%
The Super GangBrown Thrasher
33.8%
Momma's Boys (Auditioned for The Revenge Society)Giant Indian
32.9%
Rusty's Childhood FriendTara Quymn
32.5%
The Doom FactoryBlack Maria
31.5%
The Doom FactoryGerard The Gorilla
31.5%
The Doom FactoryBilly Maim
31.5%
G.C.I. (May or may not be part orangutan)Haranguetan
29.9%
Old S.P.H.I.N.X.Ersatz Destro
29.9%
G.C.I.The Intangible Fancy
28.9%
The Doom FactoryShe Hemoth
28.8%
The Doom FactoryTrashenstein
28.8%
The Doom FactoryHard Candy
27.4%
G.C.I. (One of Monarch's Former Bosses)Helicoptro
26%
G.C.I.Storm Front
26%
The Doom FactoryUltra Violent
24.7%
G.C.I.Iron Anvil
21.1%
Remove Ads.
Support Sporcle.
Get the best of Sporcle when you Go Orange. This ad-free experience offers more features, more stats, and more fun while also helping to support Sporcle. Thank you for becoming a member.

You're not logged in!

Compare scores with friends on all Sporcle quizzes.
OR
Log In

Show Comments

Extras

Created Dec 18, 2018ReportNominate
Tags:bro, Character, Venture, Venture Bros

Top Quizzes Today


Score Distribution

Your Account Isn't Verified!

In order to create a playlist on Sporcle, you need to verify the email address you used during registration. Go to your Sporcle Settings to finish the process.

Report this User

Report this user for behavior that violates our Community Guidelines.

Details: